| 000 | 02245cam a22003375a 4500 | ||
|---|---|---|---|
| 001 | 12271893 | ||
| 005 | 20180102103938.0 | ||
| 008 | 100520m20012002enka fr 000 0 eng d | ||
| 020 | _a9780750649506 (v. 1) | ||
| 020 | _z075064950X (v. 1) | ||
| 020 | _z9780750656399 (v. 2 & 3) | ||
| 020 | _z0750656395 (v. 2 & 3) | ||
| 040 |
_aKNOVL _beng _cKNOVL _dGZM _dIDEBK _dOCLCQ _dORU _dN$T _dYDXCP _dOCLCQ _dOPELS _dKNOVL _dOCLCF _dEG-ScBUE _dEG-ScBUE |
||
| 082 | 0 | 4 |
_a660.076 _bCOU _222 |
| 100 | 1 |
_aCoulson, J. M. _q(John Metcalfe) _938445 |
|
| 245 | 1 | 0 | _aCoulson & Richardson's chemical engineering. |
| 246 | 3 | _aCoulson and Richardson's chemical engineering | |
| 246 | 3 | 0 | _aChemical engineering |
| 260 |
_aOxford : _bButterworth-Heinemann / Elsevier, _c2001-2002. |
||
| 300 |
_av. <1-3> : _bill. ; _c25 cm. |
||
| 490 | 0 | _achemical engineering series | |
| 500 | _aVolume 2 (5th edition) and Volume 3 (3rd edition) | ||
| 505 | 2 | 0 |
_tv. 1. Solutions to the problem in chemical engineering / _rJ. R. Backhurst, J. H. Harker and J. F. Richardson -- _tv. 2 & 3. Solutions to the problem in chemical engineering / _rJ. R. Backhurst, J. H. Harker and J. F. Richardson. |
| 520 | _aThis volume in the Coulson and Richardson series in chemical engineering contains full worked solutions to the problems posed in volume 1. Whilst the main volume contains illustrative worked examples throughout the text, this book contains answers to the more challenging questions posed at the end of each chapter of the main text. These questions are of both a standard and non-standard nature, and so will prove to be of interest to both academic staff teaching courses in this area and to the keen student. Chemical engineers in industry who are looking for a standard solution to a real-life problem will also find the book of considerable interest. * An invaluable source of information for the student studying the material contained in Chemical Engineering Volume 1 * A helpful method of learning - answers are explained in full. | ||
| 650 | 0 |
_aChemical engineering _vProblems, exercises, etc. _2BUEsh _97824 |
|
| 651 | _2BUEsh | ||
| 653 |
_bENGCHE _cNovember2015 |
||
| 655 |
_vReading book _934232 |
||
| 700 | 1 |
_aRichardson, J. F. _q(John Francis) _938446 |
|
| 942 | _2ddc | ||
| 999 |
_c21059 _d21031 |
||